| 000 | 00878nam2a22002411 4500 | ||
|---|---|---|---|
| 001 | RU\NLR\Per\675762 | ||
| 005 | 20250617181657.0 | ||
| 035 | _a(NLR Aleph) 002924202 | ||
| 090 |
_a3653416 _c3653416 |
||
| 100 | _a20100414d2009 |||y0rusy50 ca | ||
| 101 | 0 | _arus | |
| 102 | _aRU | ||
| 105 | _ay ||||||||| | ||
| 200 | 0 | _a2009, № 2 (45) | |
| 210 |
_d2009 _aБ. м. |
||
| 461 | 0 |
_1001RU\NLR\INFOCOMM7\1000075904 _12001#$aРоссийский исторический журнал$fАкад. истории и политологии$v2009, № 2 (45) _94474766 _cБалашов _d1994 - _fАкад. истории и политологии _tРоссийский исторический журнал _v2009, № 2 (45) |
|
| 801 | 1 |
_aRU _bInfoComm _c20041011 |
|
| 801 | 0 |
_aRU _bNLR _gPSBO |
|
| 852 |
_aNLR _jП23/3650 |
||
| 942 | _cISSUE | ||
| 980 | _aNB | ||
| 980 | _aRUSPER | ||